000 00458nmm a2200169Ia 4500
008 251105s9999||||xx |||||||||||||||||und||
020 _a9788481099638
041 _aspa
100 _aRobinson, Marilyne
245 0 _aEn casa
264 _a[Madrid, España] :
_bGalaxia Gutenberg,
_c2012
300 _a368 páginas
490 _aNarrativa
650 _aNorth American narrative
856 _uhttps://public.digitaliapublishing.com/a/29461
942 _cCF
999 _c85824
_d85824